000 00935nam a2200253Ia 4500
003 GCL
005 20240530102506.0
008 140319s9999 xx 000 0 ara d
020 _a9770012110
040 _aGCL /
_cGCL
082 0 4 _a371.91
_bم ا
100 1 _aمصطفى حسن احمد
245 1 0 _aالاعاقات البسيطة الحسية والبدنية :
_bتعريفاتها لمعاونة الوالدين والتربويين للتعرف عليها فى مرحلة مبكرة من العمر لتقديم الخدمات التربوية المناسبة /
_cمصطفى حسن احمد
260 _c1991
300 _a171 ص؛
_c24 سم
650 0 4 _aالمجتمع
650 0 4 _aالاسرة
650 0 4 _aتدريب
650 0 4 _aالرعاية والعلاج
650 0 4 _aالمعوقون
650 0 4 _aالاطفال المعوقون
700 1 _aعبلة اسماعيل احمد
942 _2ddc
_cBK
999 _c32645
_d32645